[Event "St Petersburg Motiva Cup (Women)"]
[Site "St Petersburg"]
[Date "2019.06.16"]
[Round "9"]
[White "Golubenko, Valentina"]
[Black "Kuzevanova, Evgenia"]
[Result "1/2-1/2"]
[WhiteElo "2274"]
[BlackElo "2162"]
[PlyCount "89"]
[EventDate "2019.06.15"]
[EventType "swiss"]
[EventRounds "9"]
[EventCountry "RUS"]
[SourceTitle "CBM 190 Extra"]
[Source "ChessBase"]
[SourceDate "2019.07.15"]
[SourceVersion "1"]
[SourceVersionDate "2019.07.15"]
[SourceQuality "1"]

1. d4 Nf6 2. Nf3 g6 3. g3 Bg7 4. Bg2 0-0 5. 0-0 d5 6. c4 c6 7. Nc3 dxc4 8. a4 Na6 9. Bf4 Nd5 10. Bg5 h6 11. Bd2 Nxc3 12. bxc3 c5 13. Qc1 Kh7 14. Rb1 Be6 15. Rxb7 Bd5 16. Rb1 Rc8 17. Be3 cxd4 18. Bxd4 Bxd4 19. Nxd4 Bxg2 20. Kxg2 Qd5+ 21. Kg1 e5 22. Nb5 Nc5 23. Rd1 Qe6 24. Nxa7 Ra8 25. Qe3 Nxa4 26. Nb5 Rad8 27. Qa7 Ra8 28. Qe3 Rad8 29. Ra1 Nb6 30. Qc5 Nd5 31. Qxc4 e4 32. Nd4 Qf6 33. e3 Nb6 34. Qc6 Rd6 35. Qc5 Rc8 36. Qb4 Nc4 37. Nb5 Rxd1+ 38. Rxd1 Ne5 39. Qxe4 Rc5 40. Nd4 Rxc3 41. Kg2 h5 42. Rb1 Ng4 43. Qf3 Qxf3+ 44. Kxf3 Nxh2+ 45. Ke4 1/2-1/2

[Event "Heart of Finland op 26th"]
[Site "Jyvaskyla"]
[Date "2016.07.23"]
[Round "8"]
[White "Niemi, Kalle"]
[Black "Kuzevanova, Evgenia"]
[Result "1-0"]
[WhiteElo "2323"]
[BlackElo "2113"]
[PlyCount "89"]
[EventDate "2016.07.18"]
[EventType "swiss"]
[EventRounds "9"]
[EventCountry "FIN"]
[SourceTitle "CBM 173 Extra"]
[Source "ChessBase"]
[SourceDate "2016.08.29"]
[SourceVersion "1"]
[SourceVersionDate "2016.08.29"]
[SourceQuality "1"]

1. e4 c5 2. Nf3 Nc6 3. d4 cxd4 4. Nxd4 e5 5. Nb5 a6 6. Nd6+ Bxd6 7. Qxd6 Qf6 8. Qxf6 Nxf6 9. Nc3 Nb4 10. Kd2 d6 11. a3 Nc6 12. Ke1 h6 13. f3 Be6 14. Be3 Ne7 15. Na4 Rc8 16. c4 Nd7 17. Rc1 f5 18. b4 f4 19. Bf2 b5 20. Nb2 d5 21. exd5 Bxd5 22. Kd2 Bc6 23. Bd3 0-0 24. Rhe1 Rfd8 25. c5 e4 26. fxe4 Ne5 27. Kc3 Rd7 28. Bc2 Kf7 29. Rcd1 Rcd8 30. Rxd7 Rxd7 31. Bd4 N7g6 32. Rf1 Ke7 33. Bxe5 Nxe5 34. Rxf4 a5 35. bxa5 Ra7 36. Rf5 Nd7 37. Kb4 Nf6 38. a4 bxa4 39. Nxa4 Rd7 40. Nc3 Rd4+ 41. Ka3 Rc4 42. Kb3 Rd4 43. a6 Kd7 44. a7 Kc7 45. a8Q 1-0

[Event "Heart of Finland op 26th"]
[Site "Jyvaskyla"]
[Date "2016.07.19"]
[Round "3"]
[White "Kuzevanova, Evgenia"]
[Black "Pesola, Jyrki"]
[Result "1-0"]
[WhiteElo "2113"]
[BlackElo "1915"]
[PlyCount "51"]
[EventDate "2016.07.18"]
[EventType "swiss"]
[EventRounds "9"]
[EventCountry "FIN"]
[SourceTitle "EXT 2022"]
[Source "ChessBase"]
[SourceDate "2021.10.06"]
[SourceVersion "1"]
[SourceVersionDate "2021.10.06"]
[SourceQuality "1"]

1. e4 c5 2. Nf3 Nf6 3. e5 Nd5 4. Nc3 e6 5. Nxd5 exd5 6. d4 Nc6 7. dxc5 Bxc5 8. Bd3 0-0 9. Bxh7+ Kxh7 10. Ng5+ Kg6 11. Qd3+ f5 12. exf6+ Kxf6 13. Nh7+ Kf7 14. Qxd5+ Kg6 15. Nxf8+ Qxf8 16. Qg5+ Kh7 17. Be3 Bxe3 18. Qxe3 Qb4+ 19. c3 Qc4 20. 0-0-0 Qxa2 21. Qe4+ Kg8 22. Qe8+ Kh7 23. Qh5+ Kg8 24. Rhe1 Qa1+ 25. Kc2 Qa4+ 26. Kb1 1-0

[Event "Heart of Finland op 21st"]
[Site "Jyvaskyla"]
[Date "2011.07.14"]
[Round "5"]
[White "Torkkola, Henri"]
[Black "Kuzevanova, Evgenia"]
[Result "1/2-1/2"]
[WhiteElo "1974"]
[BlackElo "2096"]
[PlyCount "113"]
[EventDate "2011.07.11"]
[EventType "swiss"]
[EventRounds "9"]
[EventCountry "FIN"]
[SourceTitle "EXT 2022"]
[Source "ChessBase"]
[SourceDate "2021.10.06"]
[SourceVersion "1"]
[SourceVersionDate "2021.10.06"]
[SourceQuality "1"]

1. d4 Nf6 2. c4 g6 3. Nf3 Bg7 4. g3 0-0 5. Bg2 d5 6. cxd5 Nxd5 7. 0-0 Nb6 8. Nc3 Nc6 9. e3 e5 10. d5 Ne7 11. e4 Bg4 12. h3 Bxf3 13. Qxf3 c6 14. Rd1 cxd5 15. exd5 Nf5 16. d6 Nd4 17. Qxb7 Qxd6 18. Bg5 Qe6 19. Rac1 h6 20. Be3 Rad8 21. b3 Rd7 22. Qa6 Rfd8 23. Kh2 Kh7 24. Ne4 Nd5 25. Qxe6 Nxe6 26. Nc5 Nxc5 27. Bxc5 a5 28. a3 f5 29. b4 axb4 30. axb4 e4 31. Bf1 Nc3 32. Rxd7 Rxd7 33. Ra1 g5 34. Ra7 Rxa7 35. Bxa7 Be5 36. Bc4 f4 37. Kg2 Kg6 38. b5 h5 39. Kf1 fxg3 40. fxg3 Bxg3 41. b6 Nd1 42. b7 g4 43. h4 Nb2 44. Bb5 Nd1 45. Bd4 e3 46. Ke2 Nf2 47. Kxe3 Nh3 48. Ke4 Bb8 49. Be8+ Kh6 50. Be3+ Kh7 51. Bxh5 g3 52. Bf3 Nf2+ 53. Kf5 Nd3 54. Be4 Nf2 55. Bf3 Nd3 56. Be4 Nf2 57. Bf3 1/2-1/2

[Event "Heart of Finland op 21st"]
[Site "Jyvaskyla"]
[Date "2011.07.11"]
[Round "1"]
[White "Nieminen, Kari"]
[Black "Kuzevanova, Evgenia"]
[Result "1/2-1/2"]
[WhiteElo "2169"]
[BlackElo "2096"]
[PlyCount "143"]
[EventDate "2011.07.11"]
[EventType "swiss"]
[EventRounds "9"]
[EventCountry "FIN"]
[SourceTitle "CBM 143 Extra"]
[Source "ChessBase"]
[SourceDate "2011.08.29"]
[SourceVersion "1"]
[SourceVersionDate "2011.08.29"]
[SourceQuality "1"]

1. e4 c5 2. Nc3 Nc6 3. Nf3 Nf6 4. Bb5 d6 5. 0-0 Bd7 6. Bxc6 Bxc6 7. e5 dxe5 8. Nxe5 Qc7 9. Re1 e6 10. Nxc6 Qxc6 11. d3 Be7 12. a4 0-0 13. Bf4 Rad8 14. Qe2 Rd7 15. Be5 Rfd8 16. b3 b6 17. Ne4 Nxe4 18. Qxe4 Qxe4 19. Rxe4 a6 20. Kf1 f6 21. Bc3 e5 22. g4 Kf7 23. h3 Bd6 24. Ke2 Bc7 25. Bd2 g6 26. Bc3 Re8 27. Rg1 Rde7 28. Kf3 Ke6 29. Bd2 Kd5 30. Ke2 Kc6 31. b4 f5 32. gxf5 gxf5 33. Rh4 e4 34. Rh6+ Kd5 35. bxc5 bxc5 36. c4+ Kd4 37. Rh4 f4 38. dxe4 Rxe4+ 39. Kf3 Kxc4 40. Rc1+ Kd5 41. Rxh7 Bd6 42. Rh5+ Kc6 43. Bc3 Rxa4 44. h4 Ra3 45. Kg4 f3 46. Rf5 Re4+ 47. Kh5 Bf4 48. Rf6+ Kb5 49. Rb1+ Kc4 50. Ba1 Ra2 51. Rf1 Kd3 52. Kg6 c4 53. h5 c3 54. h6 Be5 55. Rf5 Kd2 56. Rh1 Bd4 57. Rd5 Ke2 58. Rxd4 Rxd4 59. Bxc3 Rd8 60. h7 Kxf2 61. Rh2+ Kg3 62. Rxa2 f2 63. Ra1 Kg2 64. Ra2 Kg3 65. Be5+ Kf3 66. Ra1 Kg2 67. Bf6 Rc8 68. Ra2 Kf3 69. Ra3+ Ke2 70. Ra2+ Kf3 71. Ra1 Ke2 72. Ra2+ 1/2-1/2

[Event "Chigorin Memorial 18th"]
[Site "St Petersburg"]
[Date "2010.11.04"]
[Round "8"]
[White "Filin, Evgeny Konstantinov"]
[Black "Kuzevanova, Evgenia"]
[Result "1-0"]
[WhiteElo "1716"]
[BlackElo "2126"]
[PlyCount "97"]
[EventDate "2010.10.28"]
[EventType "swiss"]
[EventRounds "9"]
[EventCountry "RUS"]
[SourceTitle "EXT 2011"]
[Source "ChessBase"]
[SourceDate "2010.11.26"]
[SourceVersion "1"]
[SourceVersionDate "2010.11.26"]
[SourceQuality "1"]

1. e4 c5 2. Nf3 Nc6 3. d3 g6 4. g3 Bg7 5. Bg2 e6 6. 0-0 Nge7 7. c3 d5 8. Nbd2 0-0 9. Re1 Qc7 10. exd5 Nxd5 11. Ne4 b6 12. c4 Nde7 13. Nc3 Bb7 14. Bf4 Qd7 15. Ne5 Nxe5 16. Bxb7 Qxb7 17. Bxe5 Bxe5 18. Rxe5 Nc6 19. Qe2 Nd4 20. Qe4 Qxe4 21. Rxe4 f5 22. Re3 Nc2 23. Rd1 Nxe3 24. fxe3 Rfd8 25. d4 cxd4 26. exd4 Rac8 27. b3 Rd7 28. Kf2 Kf7 29. Ke3 g5 30. a4 h5 31. Kf3 Kf6 32. h3 g4+ 33. hxg4 hxg4+ 34. Kf4 Rh8 35. b4 Rh2 36. Ke3 Rc2 37. Rd3 Rg2 38. Ne2 Rh7 39. c5 Rhh2 40. Rd2 Rf2 41. Kd3 Rf3+ 42. Kc2 Re3 43. Nf4 Rxd2+ 44. Kxd2 Rxg3 45. Nh5+ Ke7 46. Nxg3 Kd7 47. b5 f4 48. c6+ Kc7 49. Ne4 1-0

[Event "Chigorin Memorial 18th"]
[Site "St Petersburg"]
[Date "2010.11.03"]
[Round "7"]
[White "Kuzevanova, Evgenia"]
[Black "Nedostup, Daniil"]
[Result "0-1"]
[WhiteElo "2126"]
[BlackElo "1895"]
[PlyCount "86"]
[EventDate "2010.10.28"]
[EventType "swiss"]
[EventRounds "9"]
[EventCountry "RUS"]
[SourceTitle "EXT 2011"]
[Source "ChessBase"]
[SourceDate "2010.11.26"]
[SourceVersion "1"]
[SourceVersionDate "2010.11.26"]
[SourceQuality "1"]

1. e4 e6 2. d4 d5 3. Nd2 c5 4. exd5 Qxd5 5. Ngf3 cxd4 6. Bc4 Qd6 7. 0-0 Nc6 8. Nb3 Nf6 9. Nbxd4 Nxd4 10. Nxd4 a6 11. a4 Qc7 12. b3 Bd6 13. h3 0-0 14. Bb2 Bd7 15. Qe2 e5 16. Nf3 Rfe8 17. Ng5 Re7 18. Rfd1 Rae8 19. Ne4 Nxe4 20. Qxe4 Kh8 21. Rxd6 Qxd6 22. Ba3 Qc7 23. Bxe7 Rxe7 24. Rd1 h6 25. Bd5 f5 26. Qe2 e4 27. c4 Qb6 28. Qe3 Qc7 29. Qd4 Kh7 30. c5 Be8 31. Rc1 Qf4 32. Qc4 Rd7 33. Rf1 Qe5 34. Bg8+ Kh8 35. Qe6 Re7 36. Qc4 Bc6 37. Re1 Qb2 38. Re2 Qa1+ 39. Kh2 Qe5+ 40. g3 f4 41. Bf7 fxg3+ 42. fxg3 Qf5 43. Bg8 e3 0-1

[Event "Chigorin Memorial 18th"]
[Site "St Petersburg"]
[Date "2010.10.29"]
[Round "2"]
[White "Mozharov, Mikhail"]
[Black "Kuzevanova, Evgenia"]
[Result "1/2-1/2"]
[WhiteElo "2494"]
[BlackElo "2126"]
[PlyCount "83"]
[EventDate "2010.10.28"]
[EventType "swiss"]
[EventRounds "9"]
[EventCountry "RUS"]
[SourceTitle "EXT 2011"]
[Source "ChessBase"]
[SourceDate "2010.11.26"]
[SourceVersion "1"]
[SourceVersionDate "2010.11.26"]
[SourceQuality "1"]

1. d4 Nf6 2. c4 g6 3. Nc3 d5 4. cxd5 Nxd5 5. Bd2 Nb6 6. Bf4 Bg7 7. e3 c6 8. Nf3 0-0 9. Be2 N8d7 10. 0-0 Qe8 11. Bg3 e5 12. Ne4 exd4 13. Nd6 Qe7 14. exd4 Nf6 15. Re1 Be6 16. Ng5 Rad8 17. Nc4 Bxc4 18. Bxc4 Qb4 19. Bb3 Rxd4 20. Qf3 Rd7 21. a3 Qa5 22. h4 Nbd5 23. Rad1 h6 24. Ne4 Nxe4 25. Rxe4 h5 26. Be5 Qd8 27. g3 Bxe5 28. Rxe5 Re8 29. Rg5 Kg7 30. Qxh5 Qf6 31. Qg4 Rde7 32. Bxd5 cxd5 33. Rgxd5 Re2 34. Qd4 Qxd4 35. R1xd4 Rxb2 36. Rd7 Re6 37. Rf4 Rf6 38. Rxf6 Kxf6 39. Kg2 Rb3 40. a4 Rb4 41. a5 Rb5 42. a6 1/2-1/2

[Event "Chigorin Memorial 17th"]
[Site "St Petersburg"]
[Date "2009.10.22"]
[Round "7"]
[White "Kuzevanova, Evgenia"]
[Black "Balakirev, Ilya"]
[Result "1/2-1/2"]
[WhiteElo "2116"]
[BlackElo "2255"]
[PlyCount "119"]
[EventDate "2009.10.16"]
[EventType "swiss"]
[EventRounds "9"]
[EventCountry "RUS"]
[SourceTitle "CBM 132 Extra"]
[Source "ChessBase"]
[SourceDate "2009.11.03"]
[SourceVersion "1"]
[SourceVersionDate "2009.11.03"]
[SourceQuality "1"]

1. e4 c5 2. Nf3 Nc6 3. d4 cxd4 4. Nxd4 Nf6 5. Nc3 d6 6. g3 Qb6 7. Nb3 g6 8. Bg2 Bg7 9. 0-0 0-0 10. Bg5 Ng4 11. Nd5 Qd8 12. h3 Nge5 13. c3 h6 14. Bf4 b5 15. Nd4 Nxd4 16. cxd4 Nc6 17. Be3 e6 18. Nf4 Ne7 19. d5 e5 20. Nd3 f5 21. Kh2 fxe4 22. Bxe4 Bf5 23. Bg2 g5 24. Nb4 Bg6 25. Nc6 Qd7 26. a4 b4 27. a5 e4 28. Nxe7+ Qxe7 29. Bd4 Be5 30. Rc1 Qf6 31. Rc4 b3 32. Bc3 Rab8 33. Rc7 a6 34. Qe2 Bxc3 35. Rxc3 Qe5 36. Qxa6 Qxd5 37. Qe2 Qxa5 38. Bxe4 Rbe8 39. Re3 Bf7 40. Bb1 Qd5 41. Be4 Qc4 42. Bd3 Qd4 43. Bb1 Bc4 44. Bd3 Bf7 45. Bb1 Bh5 46. Qd3 Qxd3 47. Bxd3 Rxf2+ 48. Rxf2 Rxe3 49. Bc4+ Kg7 50. Rd2 Bf7 51. Bxf7 Kxf7 52. Rxd6 Re2+ 53. Kg1 Rxb2 54. Rb6 Rb1+ 55. Kg2 b2 56. g4 Ke7 57. Kh2 Kd7 58. Kg2 Kc7 59. Rb3 Kc6 60. Rb8 1/2-1/2

[Event "Chigorin Memorial 17th"]
[Site "St Petersburg"]
[Date "2009.10.20"]
[Round "5"]
[White "Klepikov, Nikita"]
[Black "Kuzevanova, Evgenia"]
[Result "0-1"]
[WhiteElo "1873"]
[BlackElo "2116"]
[PlyCount "72"]
[EventDate "2009.10.16"]
[EventType "swiss"]
[EventRounds "9"]
[EventCountry "RUS"]
[SourceTitle "CBM 132 Extra"]
[Source "ChessBase"]
[SourceDate "2009.11.03"]
[SourceVersion "1"]
[SourceVersionDate "2009.11.03"]
[SourceQuality "1"]

1. e4 c5 2. Nf3 Nc6 3. d4 cxd4 4. Nxd4 Nf6 5. Nc3 e5 6. Ndb5 d6 7. Bg5 a6 8. Na3 b5 9. Nd5 Be7 10. Bxf6 Bxf6 11. c3 0-0 12. Nc2 Bg5 13. Nce3 Bxe3 14. Nxe3 Ne7 15. Bd3 Be6 16. 0-0 d5 17. exd5 Nxd5 18. Nxd5 Bxd5 19. Qh5 e4 20. Bc2 g6 21. Qh6 Qe7 22. Rfe1 Rad8 23. Re3 f5 24. h4 f4 25. Ree1 e3 26. f3 Qg7 27. Qxg7+ Kxg7 28. a4 h6 29. axb5 axb5 30. Ra6 Bf7 31. Rb6 Rd2 32. Bd1 Rfd8 33. Be2 Rxe2 34. Rxe2 Rd1+ 35. Kh2 Bc4 36. Rc2 Bd3 0-1

[Event "Pardubice op-B"]
[Site "Pardubice"]
[Date "2009.07.26"]
[Round "3"]
[White "Kuzevanova, Evgenia"]
[Black "Golcman, Evgeny"]
[Result "0-1"]
[WhiteElo "2127"]
[BlackElo "2304"]
[PlyCount "62"]
[EventDate "2009.07.24"]
[EventType "swiss"]
[EventRounds "9"]
[EventCountry "CZE"]
[SourceTitle "CBM 131 Extra"]
[Source "ChessBase"]
[SourceDate "2009.09.03"]
[SourceVersion "2"]
[SourceVersionDate "2009.09.16"]
[SourceQuality "1"]

1. e4 e5 2. Nf3 Nc6 3. d4 exd4 4. Nxd4 Nf6 5. Nxc6 bxc6 6. e5 Qe7 7. Qe2 Nd5 8. c4 Nb6 9. g3 g6 10. b3 Bg7 11. Bb2 0-0 12. Bg2 Re8 13. 0-0 Bxe5 14. Bxe5 Qxe5 15. Qxe5 Rxe5 16. a4 a5 17. Nc3 Bb7 18. Ne4 f5 19. Ng5 Rb8 20. Rfe1 Rbe8 21. Kf1 Kg7 22. Nf3 Rxe1+ 23. Rxe1 Rxe1+ 24. Kxe1 d5 25. cxd5 cxd5 26. Ne5 Kf6 27. f4 Ke6 28. Kd2 Nd7 29. Nf3 Kd6 30. Kc3 c5 31. Ng5 d4+ 0-1

[Event "EU-ch (Women) 10th"]
[Site "St Petersburg"]
[Date "2009.03.18"]
[Round "10"]
[White "Kursova, Maria"]
[Black "Kuzevanova, Evgenia"]
[Result "1-0"]
[WhiteElo "2268"]
[BlackElo "2131"]
[PlyCount "87"]
[EventDate "2009.03.08"]
[EventType "swiss"]
[EventRounds "11"]
[EventCountry "RUS"]
[SourceTitle "CBM 129 Extra"]
[Source "ChessBase"]
[SourceDate "2009.05.05"]
[SourceVersion "2"]
[SourceVersionDate "2009.05.20"]
[SourceQuality "1"]

1. d4 Nf6 2. Nf3 g6 3. c4 Bg7 4. g3 0-0 5. Bg2 d5 6. cxd5 Nxd5 7. 0-0 Nb6 8. Nc3 Nc6 9. e3 e5 10. d5 Ne7 11. e4 Bg4 12. h3 Bxf3 13. Qxf3 c6 14. Bg5 f6 15. Be3 cxd5 16. exd5 Nf5 17. Bc5 Nd6 18. Qe2 Nbc8 19. a4 Rf7 20. a5 Rb8 21. Nb5 a6 22. Nc3 Bf8 23. b4 Kg7 24. f4 exf4 25. Rxf4 Nf5 26. Qf2 Bd6 27. Rf3 Be5 28. g4 Nfd6 29. Re1 Qd7 30. Kh1 Nb5 31. Nxb5 axb5 32. g5 Nd6 33. Rxe5 fxe5 34. Bxd6 Rxf3 35. Bxe5+ Kg8 36. Qxf3 Rf8 37. Bf6 Re8 38. Bc3 Rf8 39. Qe4 Rf5 40. Qd4 Kf8 41. Qh8+ Ke7 42. Bf6+ Kd6 43. Qb8+ Qc7 44. Qf8+ 1-0

[Event "EU-ch (Women) 10th"]
[Site "St Petersburg"]
[Date "2009.03.11"]
[Round "4"]
[White "Paikidze, Nazi"]
[Black "Kuzevanova, Evgenia"]
[Result "1-0"]
[WhiteElo "2280"]
[BlackElo "2131"]
[PlyCount "75"]
[EventDate "2009.03.08"]
[EventType "swiss"]
[EventRounds "11"]
[EventCountry "RUS"]
[SourceTitle "CBM 129 Extra"]
[Source "ChessBase"]
[SourceDate "2009.05.05"]
[SourceVersion "2"]
[SourceVersionDate "2009.05.20"]
[SourceQuality "1"]

1. d4 Nf6 2. c4 g6 3. Nc3 d5 4. Bg5 Ne4 5. Bh4 Nxc3 6. bxc3 dxc4 7. e3 Bg7 8. Bxc4 0-0 9. Nf3 c5 10. 0-0 Nc6 11. Qe2 a6 12. a4 Bg4 13. h3 Bxf3 14. Qxf3 Qd7 15. Rfd1 cxd4 16. cxd4 e6 17. Be2 Nb4 18. Rab1 Nd5 19. e4 Ne7 20. Qb3 Nc6 21. Qxb7 Qxb7 22. Rxb7 Nxd4 23. Bf1 a5 24. Rd7 Nb3 25. Be7 Rfc8 26. Ba6 Re8 27. Bc4 Nd4 28. Bg5 Nc6 29. Bb5 Nb4 30. Rd8 Rexd8 31. Rxd8+ Rxd8 32. Bxd8 Bd4 33. Bxa5 Na2 34. Bc6 Nc3 35. Bd8 Nd1 36. a5 Bxf2+ 37. Kf1 Ba7 38. Bb6 1-0

[Event "EU-ch (Women) 10th"]
[Site "St Petersburg"]
[Date "2009.03.08"]
[Round "1"]
[White "Kuzevanova, Evgenia"]
[Black "Zimina, Olga"]
[Result "0-1"]
[WhiteElo "2131"]
[BlackElo "2363"]
[PlyCount "48"]
[EventDate "2009.03.08"]
[EventType "swiss"]
[EventRounds "11"]
[EventCountry "RUS"]
[SourceTitle "CBM 129 Extra"]
[Source "ChessBase"]
[SourceDate "2009.05.05"]
[SourceVersion "2"]
[SourceVersionDate "2009.05.20"]
[SourceQuality "1"]

1. e4 e5 2. Bc4 Nf6 3. d3 Nc6 4. Nf3 Bc5 5. 0-0 0-0 6. c3 d5 7. exd5 Nxd5 8. b4 Be7 9. h3 Bf6 10. Nfd2 Nb6 11. Ne4 Nxc4 12. dxc4 Be7 13. Qe2 f5 14. Ned2 Bf6 15. Nb3 Qe8 16. Na3 Qg6 17. Nb5 f4 18. Kh1 a6 19. Nxc7 Bd8 20. Nxa8 f3 21. gxf3 Qh5 22. Kg1 Rf6 23. Rd1 Bxh3 24. Bf4 exf4 0-1

[Event "Pavia op"]
[Site "Pavia"]
[Date "2009.02.14"]
[Round "3"]
[White "Kuzevanova, Evgenia"]
[Black "Calavalle, Giulio"]
[Result "1/2-1/2"]
[WhiteElo "2131"]
[BlackElo "2267"]
[PlyCount "120"]
[EventDate "2009.02.13"]
[EventType "swiss"]
[EventRounds "5"]
[EventCountry "ITA"]
[SourceTitle "CBM 129 Extra"]
[Source "ChessBase"]
[SourceDate "2009.05.05"]
[SourceVersion "2"]
[SourceVersionDate "2009.05.20"]
[SourceQuality "1"]

1. e4 c5 2. Nf3 Nc6 3. d4 cxd4 4. Nxd4 e5 5. Nb5 a6 6. Nd6+ Bxd6 7. Qxd6 Qf6 8. Qd1 Qg6 9. Nc3 d5 10. exd5 Nd4 11. Bd3 Qxg2 12. Be4 Qh3 13. Qd3 Nf6 14. Be3 Bg4 15. Bxd4 Qxd3 16. Bxd3 exd4 17. Ne2 Bxe2 18. Bxe2 0-0-0 19. 0-0-0 Rxd5 20. Rhg1 g6 21. Bf3 Rd6 22. Rge1 Re8 23. Rxe8+ Nxe8 24. Re1 Nf6 25. Kd2 Re6 26. Re2 Rxe2+ 27. Kxe2 Nd7 28. Bd5 Kc7 29. Kd3 Ne5+ 30. Kxd4 Ng4 31. Bxf7 Nxh2 32. Bg8 h6 33. Bf7 Nf3+ 34. Kd5 g5 35. Ke4 Nh4 36. Ke5 Ng2 37. Kf6 Nf4 38. Kg7 h5 39. Kh6 h4 40. Kxg5 Nh3+ 41. Kxh4 Nxf2 42. Bh5 Ne4 43. Kg4 Nf6+ 44. Kg5 Nd5 45. Bg6 b6 46. Be4 Ne3 47. Kf4 Nd1 48. b3 Kd6 49. a4 Kc5 50. Bd3 a5 51. Kf3 Nc3 52. Ke3 Nd5+ 53. Kd2 Kd4 54. Bb5 Nc3 55. Bc6 Nb1+ 56. Kc1 Nc3 57. Kb2 Nd1+ 58. Kc1 Ne3 59. Kd2 Nf1+ 60. Ke2 Ng3+ 1/2-1/2

[Event "Chigorin Memorial 16th"]
[Site "St Petersburg"]
[Date "2008.10.11"]
[Round "9"]
[White "Karataev, Oleg"]
[Black "Kuzevanova, Evgenia"]
[Result "1-0"]
[WhiteElo "1965"]
[BlackElo "2179"]
[PlyCount "97"]
[EventDate "2008.10.03"]
[EventType "swiss"]
[EventRounds "9"]
[EventCountry "RUS"]
[SourceTitle "CBM 126 Extra"]
[Source "ChessBase"]
[SourceDate "2008.11.05"]
[SourceVersion "1"]
[SourceVersionDate "2008.11.05"]
[SourceQuality "1"]

1. d4 Nf6 2. Nf3 g6 3. Bf4 Bg7 4. e3 0-0 5. Be2 d5 6. 0-0 c5 7. c3 b6 8. h3 Bb7 9. Nbd2 Nbd7 10. Ne5 Nxe5 11. dxe5 Ne8 12. Bf3 Nc7 13. Qc2 Ne6 14. Rfd1 Qc7 15. c4 Bxe5 16. Bxe5 Qxe5 17. cxd5 Ng5 18. h4 Nxf3+ 19. Nxf3 Qh5 20. e4 Bc8 21. Qd2 Bg4 22. Qf4 e5 23. Qf6 Bxf3 24. gxf3 Rad8 25. d6 Qh6 26. Qxe5 Qxh4 27. Rd5 Rd7 28. Rad1 a6 29. Qg3 Qf6 30. e5 Qe6 31. f4 c4 32. a4 Rb8 33. Qf3 b5 34. axb5 axb5 35. Rc5 b4 36. Rc7 Rbd8 37. Ra1 Kg7 38. Raa7 Rxc7 39. Rxc7 Rd7 40. Kh2 Rxc7 41. dxc7 Qf5 42. e6 c3 43. bxc3 Qxe6 44. cxb4 Qc8 45. Qc6 h5 46. b5 h4 47. b6 Qg4 48. c8Q Qxf4+ 49. Kg2 1-0

[Event "RUS-chT (Women)"]
[Site "Dagomys"]
[Date "2008.04.03"]
[Round "2"]
[White "Kuzevanova, Evgenia"]
[Black "Sharevich, Anna"]
[Result "0-1"]
[WhiteElo "2206"]
[BlackElo "2311"]
[PlyCount "96"]
[EventDate "2008.04.02"]
[EventType "team"]
[EventRounds "9"]
[EventCountry "RUS"]
[SourceTitle "CBM 123 Extra"]
[Source "ChessBase"]
[SourceDate "2008.05.06"]
[SourceVersion "1"]
[SourceVersionDate "2008.05.06"]
[SourceQuality "1"]

1. e4 c5 2. Nf3 e6 3. d4 cxd4 4. Nxd4 a6 5. Bd3 Nf6 6. 0-0 Qc7 7. c4 Nc6 8. Nxc6 dxc6 9. Qe2 e5 10. Nc3 Bc5 11. Na4 Bg4 12. Qc2 Bd4 13. c5 Be6 14. Kh1 Qe7 15. f4 Ng4 16. f5 Bd7 17. g3 h5 18. h4 Rd8 19. Rb1 Bc8 20. b4 Be3 21. Rf3 Bxc1 22. Rxc1 Rd4 23. Nb6 0-0 24. Nc4 Qf6 25. a3 g5 26. hxg5 Qxg5 27. Re1 f6 28. Nd6 Kg7 29. Kg1 b5 30. Qc1 Qxc1 31. Rxc1 Bd7 32. Rd1 a5 33. Be2 axb4 34. Rxd4 exd4 35. axb4 Ne5 36. Rf2 Ra8 37. Bxh5 Ra1+ 38. Kh2 d3 39. g4 d2 40. g5 d1Q 41. Bxd1 Rxd1 42. Kg3 Rg1+ 43. Kf4 Ng4 44. gxf6+ Kxf6 45. Rd2 Ne5 46. Rd4 Rg4+ 47. Ke3 Rg3+ 48. Kf4 Rd3 0-1

[Event "Moscow op-C 04th (Women)"]
[Site "Moscow"]
[Date "2008.02.05"]
[Round "4"]
[White "Danielian, Elina"]
[Black "Kuzevanova, Evgenia"]
[Result "1/2-1/2"]
[WhiteElo "2480"]
[BlackElo "2167"]
[PlyCount "90"]
[EventDate "2008.02.02"]
[EventType "swiss"]
[EventRounds "9"]
[EventCountry "RUS"]
[SourceTitle "CBM 122 Extra"]
[Source "ChessBase"]
[SourceDate "2008.03.04"]
[SourceVersion "1"]
[SourceVersionDate "2008.03.04"]
[SourceQuality "1"]

1. Nf3 Nf6 2. g3 g6 3. Bg2 Bg7 4. c4 0-0 5. d4 d5 6. cxd5 Nxd5 7. 0-0 Nb6 8. Nc3 Nc6 9. d5 Na5 10. Qc2 c6 11. dxc6 Nxc6 12. Rd1 Bd7 13. a4 a5 14. Bf4 Qe8 15. Nb5 Nb4 16. Qd2 Bxb5 17. axb5 e5 18. Bh6 Qxb5 19. Bxg7 Kxg7 20. Ng5 Nc6 21. Qd6 Nd4 22. Ne4 Rad8 23. Qf6+ Kg8 24. e3 Ne2+ 25. Kh1 Rxd1+ 26. Rxd1 Qxb2 27. Bf3 Na4 28. Ng5 e4 29. Nxe4 Qxf6 30. Nxf6+ Kg7 31. Nd7 Nec3 32. Rd4 Rd8 33. Bxb7 Nb2 34. Bc6 a4 35. Bxa4 Nbxa4 36. Kg2 Nb5 37. Rd5 Nc7 38. Rd4 Ne6 39. Rd5 Nac5 40. Nb6 Rxd5 41. Nxd5 Nd7 42. h3 Nf6 43. Nc3 Nc5 44. f4 Nfe4 45. Nd5 Nd3 1/2-1/2